| 000 | 00879nam a2200241 i 4500 | ||
|---|---|---|---|
| 001 | 75348 | ||
| 003 | ES-MaACL | ||
| 005 | 20250905123708.0 | ||
| 007 | t| | ||
| 008 | 040923s1946 mx ||||1| spa d | ||
| 100 | 1 |
_aGregorovius, Ferdinand. _959911 |
|
| 245 | 1 | 0 |
_aRoma y Atenas en la Edad Media y otros ensayos / _cFerdinand Gregorovius ; prólogo y traducción de Wenceslao Roces. |
| 250 | _a1ª ed. | ||
| 260 |
_aMéxico : _bFondo de Cultura Económica, _c1946 ( _fGráf. Panamericana) |
||
| 300 |
_a417 p., 8 lám. ; _c24 cm. |
||
| 650 | 4 |
_aIglesia y Estado- _zSacro Imperio Romano Germánico. _9165472 |
|
| 650 | 7 |
_aArte italiano _2embne _9155745 |
|
| 651 | 4 |
_aRoma (Ciudad)- _xHistoria- _y476-1420. _9165473 |
|
| 651 | 4 |
_aAtenas- _xHistoria. _9141118 |
|
| 700 | 1 |
_aRoces, Wenceslao, _d1897-1992 _998039 |
|
| 852 |
_aES-MaACL _jD-7255 |
||
| 999 |
_c75348 _d75348 |
||